[Event "CFriend SI-2004-0-00024 email"]
[Site "Chessfriend.com"]
[Date "2004.08.02"]
[Round "1"]
[White "Udot, Oleg"]
[Black "Stibal, George"]
[Result "1/2-1/2"]
[WhiteElo "1908"]
[BlackElo "1891"]
[PlyCount "57"]
[EventDate "2004.??.??"]
[EventType "tourn (corr)"]
[EventRounds "8"]
[SourceTitle "Corr 2008"]
[Source "ChessBase"]
[SourceDate "2008.06.24"]
[SourceVersion "1"]
[SourceVersionDate "2008.06.24"]
[SourceQuality "1"]

1. d4 Nf6 2. c4 e6 3. Nc3 Bb4 4. Qc2 0-0 5. a3 Bxc3+ 6. Qxc3 b6 7. Bg5 Bb7 8. f3 h6 9. Bh4 d5 10. e3 Nbd7 11. cxd5 Nxd5 12. Bxd8 Nxc3 13. Bxc7 Nd5 14. Bd6 Nxe3 15. Kf2 Nc2 16. Bxf8 Nxa1 17. Bb4 Nb3 18. Bb5 Nf6 19. Ne2 Rc8 20. Bd3 Nd5 21. Bd6 h5 22. h4 a5 23. Rd1 a4 24. Bh2 Ba8 25. Be5 f6 26. Bd6 Kf7 27. g4 hxg4 28. fxg4 Na5 29. Rc1 1/2-1/2

[Event "IECG QB.2004.0.00054"]
[Site "IECG email"]
[Date "2004.06.04"]
[Round "?"]
[White "Crotti, Lucas"]
[Black "Udot, Oleg"]
[Result "0-1"]
[WhiteElo "1891"]
[BlackElo "1806"]
[PlyCount "20"]
[EventDate "2004.06.04"]
[EventType "tourn (corr)"]
[EventRounds "6"]
[SourceTitle "Corr 2024"]
[Source "ChessBase"]
[SourceDate "2023.10.19"]
[SourceVersion "1"]
[SourceVersionDate "2023.10.19"]
[SourceQuality "1"]

1. e4 c6 2. d4 d5 3. e5 Bf5 4. Nf3 e6 5. Be2 Ne7 6. 0-0 c5 7. dxc5 Nec6 8. Be3 Nd7 9. c4 dxc4 10. Na3 c3 0-1

[Event "IECG QB.2004.0.00054"]
[Site "IECG email"]
[Date "2004.06.04"]
[Round "?"]
[White "Udot, Oleg"]
[Black "Prestage, George C"]
[Result "1/2-1/2"]
[WhiteElo "1806"]
[BlackElo "1848"]
[PlyCount "105"]
[EventDate "2004.06.04"]
[EventType "tourn (corr)"]
[EventRounds "6"]
[SourceTitle "Corr 2008"]
[Source "ChessBase"]
[SourceDate "2008.06.24"]
[SourceVersion "1"]
[SourceVersionDate "2008.06.24"]
[SourceQuality "1"]

1. d4 d5 2. c4 e6 3. Nc3 Bb4 4. e3 Nf6 5. Nf3 0-0 6. Bd3 dxc4 7. Bxc4 c5 8. 0-0 b6 9. a3 Bxc3 10. bxc3 Nbd7 11. Bd3 Bb7 12. c4 Qc7 13. Bb2 cxd4 14. exd4 Qf4 15. a4 Rfd8 16. a5 Ng4 17. Qd2 Qd6 18. d5 exd5 19. axb6 d4 20. Ba3 Nc5 21. Bxc5 Qxc5 22. Qf4 Bxf3 23. gxf3 Nf6 24. b7 Rab8 25. Rfb1 a5 26. Qf5 Qc6 27. Qxa5 Re8 28. Rb6 Qc7 29. Qb4 Nd7 30. Rb5 Qf4 31. Qb1 g6 32. Be4 Ne5 33. Qd1 Nxc4 34. Qxd4 Nd6 35. Rb4 Nxe4 36. fxe4 Re7 37. Qc3 Qg4+ 38. Kf1 Qf4 39. Qc8+ Re8 40. Qh3 Rxe4 41. Qc8+ Kg7 42. Qc3+ f6 43. Rb6 Qxh2 44. Qxf6+ Kg8 45. Qf3 Rf4 46. Qd5+ Kg7 47. Qg2 Rxf2+ 48. Qxf2 Qh1+ 49. Ke2 Qxa1 50. Qe3 Qa2+ 51. Ke1 Qd5 52. Qc3+ Kh6 53. Qh3+ 1/2-1/2

[Event "CFriend SI-2004-0-00018 email"]
[Site "Chessfriend.com"]
[Date "2004.03.27"]
[Round "?"]
[White "Udot, Oleg"]
[Black "Bouma, Jan"]
[Result "1/2-1/2"]
[WhiteElo "1785"]
[BlackElo "1678"]
[PlyCount "87"]
[EventDate "2004.??.??"]
[EventType "tourn (corr)"]
[EventRounds "8"]
[SourceTitle "Corr 2008"]
[Source "ChessBase"]
[SourceDate "2008.06.24"]
[SourceVersion "1"]
[SourceVersionDate "2008.06.24"]
[SourceQuality "1"]

1. d4 d5 2. c4 c6 3. Nf3 Nf6 4. Nc3 e6 5. e3 Nbd7 6. Bd3 dxc4 7. Bxc4 b5 8. Bd3 a6 9. 0-0 Bb7 10. e4 c5 11. e5 Nd5 12. Nxd5 Bxd5 13. Re1 c4 14. Be4 Bxe4 15. Rxe4 Nc5 16. Bg5 Qd5 17. Rg4 Nd3 18. Qe2 h6 19. Be3 g6 20. Ne1 Nxe1 21. Rxe1 Bg7 22. Qd2 Rd8 23. Qb4 Qb7 24. Bd2 Bf8 25. Qc3 Be7 26. Qc1 h5 27. Rge4 0-0 28. a3 Rd7 29. Bc3 Qa7 30. Qd2 Rfd8 31. Rd1 Bc5 32. Kf1 Rd5 33. g3 Bb6 34. g4 hxg4 35. Qe3 Qe7 36. Rxg4 a5 37. Qh6 Qf8 38. Qxf8+ Kxf8 39. Ke2 Ke7 40. Bd2 Rh8 41. Bg5+ Kd7 42. h4 Kc6 43. Be3 Rhd8 44. Re4 1/2-1/2